000 00318nam a22001457a 4500
008 230524b ||||| |||| 00| 0 eng d
020 _a9782290215623
041 _aFRA
080 _a82
082 _a82BAC
100 _a38
101 _aGJL
245 _aJONATHAN LIVINGSTON LE GOELAND
_cBACH. R
942 _2udc
_cBK
999 _c59835
_d59835